Wicked prey / (Record no. 59696)
[ view plain ]
| 000 -LEADER | |
|---|---|
| fixed length control field | 01137nam a22003378a 4500 |
| 001 - CONTROL NUMBER | |
| control field | BK0008070473 |
| 003 - CONTROL NUMBER IDENTIFIER | |
| control field | DLC |
| 005 - DATE AND TIME OF LATEST TRANSACTION | |
| control field | 20241220122941.0 |
| 008 - FIXED-LENGTH DATA ELEMENTS--GENERAL INFORMATION | |
| fixed length control field | 090224s2009 nyu 000 1 eng |
| 010 ## - LIBRARY OF CONGRESS CONTROL NUMBER | |
| LC control number | 2009008105 |
| 020 ## - INTERNATIONAL STANDARD BOOK NUMBER | |
| International Standard Book Number | 9780399155673 : HRD |
| Terms of availability | $27.95 |
| 020 ## - INTERNATIONAL STANDARD BOOK NUMBER | |
| International Standard Book Number | 0399155678 : HRD |
| Terms of availability | $27.95 |
| 037 ## - SOURCE OF ACQUISITION | |
| Source of stock number/acquisition | Penguin Group USA, Attn: Order Processing 405 Murray Hill Pkwy, East Rutherford, NJ, USA, 07073-2136 |
| Note | SAN 282-5074 |
| 040 ## - CATALOGING SOURCE | |
| Original cataloging agency | DLC |
| Transcribing agency | DLC |
| 050 00 - LIBRARY OF CONGRESS CALL NUMBER | |
| Classification number | PS3569.A516 |
| Item number | W53 2009 |
| 082 00 - DEWEY DECIMAL CLASSIFICATION NUMBER | |
| Classification number | 813/.54 |
| Edition number | 22 |
| 092 ## - LOCALLY ASSIGNED DEWEY CALL NUMBER (OCLC) | |
| Classification number | 813.5400 |
| 092 ## - LOCALLY ASSIGNED DEWEY CALL NUMBER (OCLC) | |
| Classification number | SANDFORD |
| 100 1# - MAIN ENTRY--PERSONAL NAME | |
| Personal name | Sandford, John. |
| 9 (RLIN) | 44344 |
| 245 10 - TITLE STATEMENT | |
| Title | Wicked prey / |
| Statement of responsibility, etc | John Sandford. |
| 260 ## - PUBLICATION, DISTRIBUTION, ETC. (IMPRINT) | |
| Place of publication, distribution, etc | New York : |
| Name of publisher, distributor, etc | G. P. Putnam's Sons, |
| Date of publication, distribution, etc | 2009. |
| 263 ## - PROJECTED PUBLICATION DATE | |
| Projected publication date | 0905 |
| 300 ## - PHYSICAL DESCRIPTION | |
| Extent | p. cm. |
| 520 ## - SUMMARY, ETC. | |
| Summary, etc | Danger stalks Lucas Davenport at work and all too close to home. |
| 650 #0 - SUBJECT ADDED ENTRY--TOPICAL TERM | |
| Topical term or geographic name as entry element | Davenport, Lucas (Fictitious character) |
| Form subdivision | Fiction. |
| 9 (RLIN) | 5679992 |
| 650 #0 - SUBJECT ADDED ENTRY--TOPICAL TERM | |
| Topical term or geographic name as entry element | Private investigators |
| Geographic subdivision | Minnesota |
| -- | Minneapolis |
| Form subdivision | Fiction. |
| 9 (RLIN) | 5679993 |
| 651 #0 - SUBJECT ADDED ENTRY--GEOGRAPHIC NAME | |
| Geographic name | Minneapolis (Minn.) |
| Form subdivision | Fiction. |
| 9 (RLIN) | 5725170 |
| 655 #7 - INDEX TERM--GENRE/FORM | |
| Genre/form data or focus term | Mystery fiction. |
| Source of term | gsafd |
| 9 (RLIN) | 6189796 |
| 942 ## - ADDED ENTRY ELEMENTS (KOHA) | |
| Koha item type | BOOK |
| 998 ## - LOCAL CONTROL INFORMATION (RLIN) | |
| -- | a122432 |
| Withdrawn status | Lost status | Source of classification or shelving scheme | Damaged status | Not for loan | Collection code | Home library | Current library | Shelving location | Date acquired | Source of acquisition | Total Checkouts | Total Renewals | Full call number | Barcode | Date last seen | Date checked out | Cost, replacement price | Price effective from | Koha item type |
|---|---|---|---|---|---|---|---|---|---|---|---|---|---|---|---|---|---|---|---|
| Dewey Decimal Classification | Fiction | Wasatch County Library | Wasatch County Library | First Floor | 08/11/2021 | Donation | 7 | 4 | F Sandford | 34301001871898 | 04/17/2025 | 03/13/2025 | 27.95 | 08/11/2021 | BOOK |
